Roosevelts weg in den krieg : (Record no. 89927)

MARC details
000 -LEADER
fixed length control field 00964cam a22002531a 4500
001 - CONTROL NUMBER
control field sd 44000018
003 - CONTROL NUMBER IDENTIFIER
control field DLC
005 - DATE AND TIME OF LATEST TRANSACTION
control field 20260227112734.0
008 - FIXED-LENGTH DATA ELEMENTS--GENERAL INFORMATION
fixed length control field 870630s1943 gw h 000 0 ger c
010 ## - LIBRARY OF CONGRESS CONTROL NUMBER
LC control number sd 44000018
035 ## - SYSTEM CONTROL NUMBER
System control number (OCoLC)16106536
040 ## - CATALOGING SOURCE
Original cataloging agency U.S. Dept. of State. Library
Transcribing agency TxU
Modifying agency TxU
-- OCoLC
-- DLC
042 ## - AUTHENTICATION CODE
Authentication code premarc
050 00 - LIBRARY OF CONGRESS CALL NUMBER
Classification number D735
Item number .G4635
082 ## - DEWEY DECIMAL CLASSIFICATION NUMBER
Classification number 940.532273
110 1# - MAIN ENTRY--CORPORATE NAME
Corporate name or jurisdiction name as entry element Germany.
Subordinate unit Auswärtiges Amt.
-- Archivkommission.
245 10 - TITLE STATEMENT
Title Roosevelts weg in den krieg :
Remainder of title Geheimdokumente zur Kriegspolitik des Präsidenten der Vereinigten Staaten.
260 ## - PUBLICATION, DISTRIBUTION, ETC.
Place of publication, distribution, etc. Berlin :
Name of publisher, distributor, etc. Im Deutschen Verlag,
Date of publication, distribution, etc. 1943.
300 ## - PHYSICAL DESCRIPTION
Extent 111 p. :
Other physical details facsims. ;
Dimensions 24 cm.
440 #4 - SERIES STATEMENT/ADDED ENTRY--TITLE
Title Die Entstehung des Krieges von 1939 : Geheimdokumente aus europäischen Archiven ;
Volume/sequential designation 1. Schrift
650 #0 - SUBJECT ADDED ENTRY--TOPICAL TERM
Topical term or geographic name entry element World War, 1939-1945
General subdivision Diplomatic history.
650 #0 - SUBJECT ADDED ENTRY--TOPICAL TERM
Topical term or geographic name entry element World War, 1939-1945
Geographic subdivision United States.
600 10 - SUBJECT ADDED ENTRY--PERSONAL NAME
Personal name Roosevelt, Franklin D.
Fuller form of name (Franklin Delano),
Dates associated with a name 1882-1945.

No items available.

Powered by Koha